000 00962nam a22002055i 4500
001 165506
003 ES-MaACL
005 20250901031710.0
008 050901s1788 fr | |||||||| ||fre d
040 _aCAM
_bspa
_cCAM
100 0 _aSófocles.
_9107023
245 1 0 _aThéatre de Sophocle /
_ctraduit en entier avec des remarques et un examen de chaque pièce ; précédé d'un Discours sur les difficultés qui se recontrent dans la traduction des poëtes tragiques Grecs, & d'une Vie de Sophocle par M. de Rochefort.
260 _aA Paris :
_bchez Nyon l'aîné & Fils,
_c1788 (
_fDe l'Imprimerie de M. Lambert)
300 _a2 v. (LX, 397; [4], 407, [1] p. ) ;
_c21 cm.
596 _aImpresor consta en colofón.
597 _aSign.: []4, a-c8, d6, A-2A8, 2B7; []2, A-2B8, 2C4.
700 1 _aDubois de Rochefort, Guillaume,
_d1731-1788
_9154048
852 _aES-MaACL
_jR-2151-52
_z-- Enc. pasta española. Olim: G-1411-12.
999 _c165506
_d165506